000 01353cam a2200193 4500500
005 20251228052301.0
041 _afre
042 _adc
100 1 0 _aRouthier, Gilles
_eauthor
245 0 0 _a« Les signes du temps. » Fortune et infortune d'une expression du concile Vatican II
260 _c2011.
500 _a95
520 _aRésuméL’expression de « Signe des temps » est certainement une des plus connues du concile Vatican II. Jamais cependant elle n’a fait l’objet d’une étude généalogique qui permette d’en éclairer le sens théologique. C’est ce que fait cet article en montrant les racines de la terminologie chez Jean XIII et son élaboration progressive dans la naissance de Gaudium et Spes. Il poursuit ensuite au-delà pour montrer la réception qui en a été faite aussi bien par le magistère que par les théologiens. On voit alors se dégager des conséquences pour l’annonce de l’Évangile, notamment celle d’un terrain commun avec « les hommes de bonne volonté » et prise en compte du destinataire.
690 _a« Signe des temps »
690 _aConcile Vatican II
690 _aGaudium et Spes
786 0 _nTransversalités | 118 | 2 | 2011-06-01 | p. 77-102 | 1286-9449
856 4 1 _uhttps://shs.cairn.info/revue-transversalites-2011-2-page-77?lang=fr&redirect-ssocas=7080
999 _c1583241
_d1583241